San Martín : (Record no. 600)
[ view plain ]
| 000 -CABECERA | |
|---|---|
| campo de control de longitud fija | 01373nam a22002894c 4500 |
| 003 - IDENTIFICADOR DE NUMERO DE CONTROL | |
| campo de control | AR-BaSMT |
| 008 - CAMPOS DE LONGITUD FIJA | |
| campo de control de longitud fija | 260325b2025 aga|||br|||| 000 0bspa d |
| 020 ## - ISBN: Indicadores indefinidos | |
| Número ISBN | 9789875045286 |
| 040 ## - FUENTE DE CATALOGACION | |
| Agencia de catalogación original | BSGB |
| Idioma de catalogación | español |
| Agencia que realiza la transcripción | BSGB |
| Convenciones de la descripción | rda |
| 041 0# - CODIGO DE IDIOMA | |
| Código idioma | spa |
| Idioma original | español |
| 080 ## - CDU | |
| CDU completo | 82-94 |
| 100 1# - PUNTO DE ACCESO PRINCIPAL | |
| Nombre de persona | Sevilla, Fabián |
| Enlace autoridades | 6 |
| 245 10 - MENCION DE TITULO | |
| Título | San Martín : |
| Subtítulo | entre relatos y batallas |
| 250 ## - MENCION DE EDICION | |
| Mención de edición | Primera edición |
| 264 #1 - PRODUCCIÓN, PUBLICACIÓN, DISTRIBUCIÓN, ETC. | |
| Lugar de publicación, etc. | Buenos aires : |
| Nombre editor. | Quipu , |
| Fecha | 2025 |
| 300 ## - DESCRIPCION FISICA | |
| Extensión | 80 páginas ; |
| Otros detalles físicos | ilustraciones blanco y negro |
| 336 ## - TIPO DE CONTENIDO | |
| rdacontent | rdacontent |
| texto | texto |
| txt | txt |
| 337 ## - TIPO DE MEDIO | |
| rdamedia | rdamedia |
| sin mediación | sin mediación |
| n | n |
| 338 ## - TIPO DE SOPORTE | |
| rdacarrier | rdacarrier |
| volumen | volumen |
| nc | nc |
| 490 ## - TÍTULO DE LA SERIE | |
| Título de la serie | Verde histórica |
| 520 ## - NOTA DE SUMARIO, RESUMEN, ETC. | |
| Toda la nota | En su hogar de Francia, el General San Martín, ya muy anciano, pasa sus dias bajo el cuidado de su hija. Entre ellos hay charlas en las que el Libertador relata lo que debió enfrentar para conseguir la libertad de Argentina, Perú y Chile. Relatos llenos de aventuras, emociones y humor que quedaron como un legado para Merceditas.<br/><br/>Fabián Sevilla, el autor, invita a los lectores a sumergirse en uno de los más importantes próceres argentinos. |
| URL, URI, etc. | https://www.quipu.com.ar/productos/san-martin-entre-relatos-y-batallas/<br/>25/03/2026 |
| 521 ## - NOTA DE PÚBLICO DESTINATARIO | |
| Nota de audiencia | A partir de 10 años |
| 650 #7 - PUNTO DE ACCESO ADICIONAL DE MATERIA – TÉRMINO TEMÁTICO | |
| Enlace autoridades | 8 |
| Término de materia o nombre geográfico como elemento de entrada | LITERATURA INFANTIL |
| 650 #7 - PUNTO DE ACCESO ADICIONAL DE MATERIA – TÉRMINO TEMÁTICO | |
| Enlace autoridades | 35 |
| Término de materia o nombre geográfico como elemento de entrada | NOVELA HISTÓRICA |
| Subdivisión geográfica | Argentina |
| 942 ## - ELEMENTOS AGREGADOS (KOHA) | |
| CDU | Clasificación Decimal Dewey |
| Tipo de ítem | Libros |
| Disponible | Perdido | Fuente de clasificación | Estado | Ubicación permanente | Locación actual | Estante o sala | Fuente de adquisición | Número de inventario | Total préstamos | Signatura topográfica | Código de barras | Numero de ejemplar | Tipo de item de Koha | Calificador de localización códificado |
|---|---|---|---|---|---|---|---|---|---|---|---|---|---|---|
| Clasificación Decimal Dewey | Biblioteca Susana G. De Batemarco | Biblioteca Susana G. De Batemarco | Celeste | donación editorial | 000689 | 82-94 SEV | 000689 | 1 | Libros |
